[Event "Alcorcon Diagonal op 2nd"]
[Site "Alcorcon"]
[Date "2023.12.26"]
[Round "2"]
[White "Sanchez Pablo, Jorge"]
[Black "Rebollo Palos, Isaac"]
[Result "0-1"]
[WhiteElo "1624"]
[BlackElo "1995"]
[PlyCount "110"]
[EventDate "2023.12.26"]
[EventType "swiss"]
[EventRounds "9"]
[EventCountry "ESP"]
[SourceTitle "CB01_2024"]
[SourceDate "2024.01.03"]
[SourceVersion "1"]
[SourceVersionDate "2024.01.03"]
[SourceQuality "1"]

1. d4 d5 2. Bf4 Nf6 3. e3 c5 4. Nd2 Nc6 5. c3 e6 6. Ngf3 Bd6 7. Bg3 0-0 8. Bd3 Qe7 9. Ne5 h6 10. f4 Qc7 11. 0-0 Ne7 12. Bf2 b6 13. Qf3 Bb7 14. g4 Nh7 15. Bg3 f6 16. Ng6 Nxg6 17. Bxg6 e5 18. Rac1 e4 19. Qd1 c4 20. Rf2 Bc6 21. Qf1 Be8 22. Bxh7+ Kxh7 23. Qg2 f5 24. Nf1 g6 25. Bh4 Bd7 26. g5 h5 27. Re2 a5 28. a3 b5 29. Be1 Rfb8 30. Bd2 Rb7 31. Ree1 Ra6 32. Ng3 Be8 33. Qf1 Qb8 34. Kg2 b4 35. axb4 axb4 36. Ra1 Rab6 37. Rec1 bxc3 38. Bxc3 Rxb2+ 39. Bxb2 Rxb2+ 40. Kh3 Bb5 41. Qd1 Bxf4 42. exf4 Qxf4 43. Ra7+ Kg8 44. Rc2 Qg4+ 45. Qxg4 hxg4+ 46. Kh4 Rxc2 47. h3 Rh2 48. Nxf5 gxf5 49. g6 Be8 50. Kg5 gxh3 51. Re7 Rg2+ 52. Kxf5 Bxg6+ 53. Kf6 Bf7 54. Rd7 Rg6+ 55. Kf5 Be6+ 0-1

[Event "Mostoles op 12th"]
[Site "Mostoles"]
[Date "2023.07.27"]
[Round "5"]
[White "Rebollo Palos, Isaac"]
[Black "Mkrtchyan, Levon"]
[Result "1/2-1/2"]
[WhiteElo "1996"]
[BlackElo "2251"]
[PlyCount "48"]
[EventDate "2023.07.23"]
[EventType "swiss"]
[EventRounds "8"]
[EventCountry "ESP"]
[SourceTitle "CBM 215 Extra"]
[Source "ChessBase"]
[SourceDate "2023.09.30"]
[SourceVersion "1"]
[SourceVersionDate "2023.09.30"]
[SourceQuality "1"]

1. e4 c6 2. d4 d5 3. Nc3 dxe4 4. Nxe4 Nf6 5. Nxf6+ exf6 6. Nf3 Bd6 7. Be3 0-0 8. Qd2 Be6 9. Bd3 Qc7 10. h3 Re8 11. 0-0 f5 12. Qd1 Nd7 13. c4 Nf6 14. Rc1 Qd7 15. Bd2 Ne4 16. Re1 f6 17. Bxe4 fxe4 18. Rxe4 Bxh3 19. Rxe8+ Rxe8 20. gxh3 Qxh3 21. Rc3 Qg4+ 22. Kf1 Qh3+ 23. Kg1 Qg4+ 24. Kf1 Qh3+ 1/2-1/2

[Event "Mostoles op 12th"]
[Site "Mostoles"]
[Date "2023.07.26"]
[Round "4"]
[White "Garcia Ruiz Fuentes, Angel Marcos"]
[Black "Rebollo Palos, Isaac"]
[Result "0-1"]
[WhiteElo "1971"]
[BlackElo "1996"]
[PlyCount "66"]
[EventDate "2023.07.23"]
[EventType "swiss"]
[EventRounds "8"]
[EventCountry "ESP"]
[SourceTitle "CBM 215 Extra"]
[Source "ChessBase"]
[SourceDate "2023.09.30"]
[SourceVersion "1"]
[SourceVersionDate "2023.09.30"]
[SourceQuality "1"]

1. e4 e5 2. Nf3 Nc6 3. Bc4 Bc5 4. b4 Bxb4 5. c3 Ba5 6. d4 d6 7. dxe5 dxe5 8. Qxd8+ Nxd8 9. Nxe5 Be6 10. Bxe6 Nxe6 11. Nc4 Bb6 12. Nxb6 axb6 13. Nd2 Nf6 14. f3 Nc5 15. Kd1 0-0 16. Kc2 Ra4 17. Nb3 Nfd7 18. Nxc5 Nxc5 19. Bf4 Rfa8 20. Rhd1 Ne6 21. Bg3 Rxa2+ 22. Rxa2 Rxa2+ 23. Kb3 Ra8 24. Rd2 Kf8 25. Kb2 Ke8 26. f4 Nc5 27. Rd4 Ne6 28. Rc4 b5 29. Rb4 c6 30. c4 Nc5 31. Kc2 Nxe4 32. cxb5 Nxg3 33. hxg3 Ra2+ 0-1

[Event "Mostoles op 12th"]
[Site "Mostoles"]
[Date "2023.07.25"]
[Round "3"]
[White "Rebollo Palos, Isaac"]
[Black "Huerta Navarro, Eusebio"]
[Result "1-0"]
[WhiteElo "1996"]
[BlackElo "1633"]
[PlyCount "63"]
[EventDate "2023.07.23"]
[EventType "swiss"]
[EventRounds "8"]
[EventCountry "ESP"]
[SourceTitle "CBM 215 Extra"]
[Source "ChessBase"]
[SourceDate "2023.09.30"]
[SourceVersion "1"]
[SourceVersionDate "2023.09.30"]
[SourceQuality "1"]

1. e4 e5 2. Nf3 Nf6 3. Nc3 Nc6 4. Bb5 d6 5. d4 exd4 6. Nxd4 Bd7 7. Nxc6 Bxc6 8. Bxc6+ bxc6 9. 0-0 Be7 10. Qf3 Nd7 11. Bf4 Bf6 12. Rad1 Be5 13. Bxe5 Nxe5 14. Qg3 Qf6 15. f4 Ng6 16. e5 dxe5 17. fxe5 Qe6 18. Rde1 0-0 19. h4 Qc4 20. Re4 Qc5+ 21. Kh1 Rfe8 22. Rfe1 Nf8 23. Rg4 g6 24. Ne4 Qxc2 25. Nf6+ Kh8 26. Nxe8 Rxe8 27. Qc3 Qf5 28. e6+ Kg8 29. exf7+ Qxf7 30. Rxe8 Qxe8 31. Qc4+ Kg7 32. Re4 1-0

[Event "Madrid Alcorcon op 1st"]
[Site "Madrid"]
[Date "2022.12.26"]
[Round "2"]
[White "Plazuelo Pascual, Juan"]
[Black "Rebollo Palos, Isaac"]
[Result "1-0"]
[WhiteElo "2445"]
[BlackElo "1985"]
[PlyCount "53"]
[EventDate "2022.12.26"]
[EventType "swiss"]
[EventRounds "9"]
[EventCountry "ESP"]
[SourceTitle "CBM 212 Extra"]
[Source "ChessBase"]
[SourceDate "2023.03.31"]
[SourceVersion "1"]
[SourceVersionDate "2023.03.31"]
[SourceQuality "1"]

1. d4 d5 2. c4 e6 3. Nc3 Be7 4. Nf3 Nf6 5. Bf4 0-0 6. a3 c6 7. e3 Nbd7 8. h3 b6 9. cxd5 Nxd5 10. Nxd5 exd5 11. Bd3 Bb7 12. 0-0 c5 13. b3 Rc8 14. Qe2 Re8 15. Ba6 Bxa6 16. Qxa6 Ra8 17. Rfd1 Nf6 18. Rac1 Qc8 19. Qb5 Qe6 20. Ng5 Qf5 21. dxc5 bxc5 22. b4 a6 23. Qa5 h6 24. Nf3 c4 25. Rxc4 Bd8 26. Bc7 Rc8 27. Rdc1 1-0

[Event "Mostoles op 10th"]
[Site "Mostoles"]
[Date "2019.07.25"]
[Round "8"]
[White "Rebollo Palos, Isaac"]
[Black "Candela Perez, Jose"]
[Result "1-0"]
[WhiteElo "1869"]
[BlackElo "2338"]
[PlyCount "79"]
[EventDate "2019.07.18"]
[EventType "swiss"]
[EventRounds "9"]
[EventCountry "ESP"]
[SourceTitle "EXT 2021"]
[Source "ChessBase"]
[SourceDate "2020.10.23"]
[SourceVersion "1"]
[SourceVersionDate "2020.10.23"]
[SourceQuality "1"]

1. e4 e5 2. Nf3 Nc6 3. d4 exd4 4. Nxd4 Bb4+ 5. c3 Bc5 6. Be3 Bb6 7. Bc4 Nf6 8. Nxc6 bxc6 9. Bxb6 axb6 10. e5 Qe7 11. 0-0 Nd5 12. Nd2 0-0 13. Nf3 Bb7 14. Re1 f6 15. Qd4 Rae8 16. exf6 Qxf6 17. Rxe8 Rxe8 18. Qxf6 gxf6 19. Re1 Re6 20. Kf1 c5 21. Rxe6 dxe6 22. Nd2 Kf7 23. g3 Ne7 24. Bd3 h6 25. Ke2 Nc8 26. Be4 Ba6+ 27. Bd3 Bb7 28. Be4 Bxe4 29. Nxe4 Nd6 30. Kd3 f5 31. Nxd6+ cxd6 32. a4 d5 33. b4 Ke7 34. f3 e5 35. g4 e4+ 36. fxe4 fxe4+ 37. Kd2 d4 38. bxc5 bxc5 39. c4 Kd6 40. a5 1-0

[Event "Mostoles op 10th"]
[Site "Mostoles"]
[Date "2019.07.23"]
[Round "6"]
[White "Raya Rodriguez, Juan"]
[Black "Rebollo Palos, Isaac"]
[Result "0-1"]
[WhiteElo "1730"]
[BlackElo "1869"]
[PlyCount "106"]
[EventDate "2019.07.18"]
[EventType "swiss"]
[EventRounds "9"]
[EventCountry "ESP"]
[SourceTitle "EXT 2020"]
[Source "ChessBase"]
[SourceDate "2019.10.17"]
[SourceVersion "1"]
[SourceVersionDate "2019.10.17"]
[SourceQuality "1"]

1. d4 d5 2. Bf4 Nf6 3. e3 c5 4. c3 Nc6 5. Nd2 Bf5 6. Qb3 Qb6 7. Qxb6 axb6 8. Bb5 Nd7 9. Ngf3 f6 10. 0-0 g5 11. Bg3 h5 12. h4 g4 13. Nh2 Bh6 14. Rfe1 cxd4 15. Nhf1 dxc3 16. bxc3 0-0 17. e4 dxe4 18. Nxe4 Bxe4 19. Rxe4 e5 20. Re2 Nc5 21. Ne3 Bxe3 22. Rxe3 Ne7 23. Bc4+ Kg7 24. Bh2 Nf5 25. Re2 Ra4 26. Bb5 Ra5 27. Rb2 Rd8 28. a4 Nxa4 29. Bxa4 Rxa4 30. Rab1 Rd6 31. Kf1 Ra6 32. Ke2 Kf7 33. g3 Rc6 34. Rc1 Nd6 35. f4 e4 36. Bg1 b5 37. Rb3 Ra2+ 38. Kf1 Ke6 39. Bd4 Nf5 40. Bf2 e3 41. Be1 Nd6 42. Rb4 Rc4 43. Rcb1 Kd5 44. Rxc4 bxc4 45. Rd1+ Kc5 46. Rd4 b5 47. Kg1 Rc2 48. Rd1 Ra2 49. Kh1 f5 50. Rc1 Ne4 51. Kg1 Nd2 52. Bxd2 exd2 53. Rd1 b4 0-1

[Event "Mostoles op 10th"]
[Site "Mostoles"]
[Date "2019.07.19"]
[Round "2"]
[White "Centeno Mendoza, Julio Stefano"]
[Black "Rebollo Palos, Isaac"]
[Result "0-1"]
[WhiteElo "1725"]
[BlackElo "1869"]
[PlyCount "104"]
[EventDate "2019.07.18"]
[EventType "swiss"]
[EventRounds "9"]
[EventCountry "ESP"]
[SourceTitle "EXT 2020"]
[Source "ChessBase"]
[SourceDate "2019.10.17"]
[SourceVersion "1"]
[SourceVersionDate "2019.10.17"]
[SourceQuality "1"]

1. e4 e5 2. Nf3 Nc6 3. Bc4 Bc5 4. b4 Bb6 5. a4 a6 6. Nc3 Nf6 7. 0-0 d6 8. d3 Nxb4 9. Bg5 h6 10. Bh4 Be6 11. a5 Bc5 12. Bxe6 fxe6 13. d4 exd4 14. Nxd4 Bxd4 15. Qxd4 Nc6 16. Qc4 Qd7 17. Qb3 0-0 18. f4 Kh8 19. Bxf6 Rxf6 20. Qxb7 Rff8 21. Qb3 Nd4 22. Qa2 Qc6 23. Nd1 Qxe4 24. c3 Ne2+ 25. Kh1 Nxf4 26. Rb1 Ne2 27. Nf2 Rxf2 28. Rxf2 Nxc3 29. Rc1 Nxa2 30. Rxa2 Rb8 31. Raa1 Rb2 32. Rg1 h5 33. h3 c5 34. Rad1 d5 35. Rde1 Re2 36. Rc1 c4 37. Rcd1 d4 38. Kh2 h4 39. Rc1 c3 40. Rcd1 e5 41. Rc1 Rxg2+ 42. Rxg2 Qf4+ 43. Kh1 Qxc1+ 44. Rg1 Qxg1+ 45. Kxg1 c2 46. Kh2 c1Q 47. Kg2 Qc2+ 48. Kg1 Qd2 49. Kf1 d3 50. Kg1 Qe2 51. Kh1 d2 52. Kg1 d1R# 0-1

[Event "Mostoles op 9th"]
[Site "Mostoles"]
[Date "2018.07.23"]
[Round "7"]
[White "Rebollo Palos, Isaac"]
[Black "Angelina Vela, Carlos"]
[Result "1/2-1/2"]
[WhiteElo "1838"]
[BlackElo "2098"]
[PlyCount "118"]
[EventDate "2018.07.17"]
[EventType "swiss"]
[EventRounds "9"]
[EventCountry "ESP"]
[SourceTitle "CBM 186 Extra"]
[Source "ChessBase"]
[SourceDate "2018.08.24"]
[SourceVersion "1"]
[SourceVersionDate "2018.08.24"]
[SourceQuality "1"]

1. e4 c6 2. Nc3 d5 3. Nf3 Nf6 4. Qe2 dxe4 5. Nxe4 Nxe4 6. Qxe4 Nd7 7. Bc4 Nf6 8. Ne5 e6 9. Qe2 Bd6 10. d4 Qc7 11. 0-0 0-0 12. c3 Bd7 13. f4 c5 14. Be3 cxd4 15. cxd4 Nd5 16. Rac1 Qd8 17. Bd3 f5 18. Rf3 Bxe5 19. dxe5 Nxe3 20. Qxe3 Bc6 21. Rf2 Bd5 22. a3 a6 23. Rfc2 Rf7 24. Be2 Rd7 25. Rd2 Rc8 26. Rcd1 Rcc7 27. Qb6 Qe7 28. b4 Rc6 29. Qe3 Rdc7 30. Rd3 g6 31. Bf3 Bxf3 32. Qxf3 Rc1 33. Rd6 Kg7 34. Qd3 Rxd1+ 35. Qxd1 Kf8 36. h3 Kg7 37. Kh2 Kf7 38. a4 Ke8 39. Qb3 Kf7 40. Qd3 Qh4 41. g3 Qe7 42. h4 Ke8 43. b5 axb5 44. Qxb5+ Kf7 45. Kh3 h6 46. Qd3 Qe8 47. Qd4 Re7 48. Rb6 Qc8 49. Qb4 Qc1 50. Qb1 Qc4 51. a5 Qd4 52. Rd6 Qa4 53. Rb6 Qd7 54. Rd6 Qc7 55. Rb6 Qc8 56. Qh1 Rd7 57. Qf3 h5 58. Qb3 Re7 59. Qf3 Qc7 1/2-1/2

[Event "Mostoles op 9th"]
[Site "Mostoles"]
[Date "2018.07.21"]
[Round "5"]
[White "Rebollo Palos, Isaac"]
[Black "Albert Aparicio, Ismael"]
[Result "1-0"]
[WhiteElo "1838"]
[BlackElo "1676"]
[PlyCount "83"]
[EventDate "2018.07.17"]
[EventType "swiss"]
[EventRounds "9"]
[EventCountry "ESP"]
[SourceTitle "CBM 186 Extra"]
[Source "ChessBase"]
[SourceDate "2018.08.24"]
[SourceVersion "1"]
[SourceVersionDate "2018.08.24"]
[SourceQuality "1"]

1. e4 e5 2. Nf3 Nc6 3. d4 exd4 4. Nxd4 Bc5 5. Be3 Bb6 6. Nf5 Qf6 7. Nc3 Nge7 8. Bxb6 axb6 9. Ne3 0-0 10. Bc4 Ra5 11. 0-0 d6 12. Rb1 Ne5 13. Bb3 Qh4 14. f3 N5g6 15. Qe1 Qg5 16. Ncd5 Nf4 17. Nxf4 Qxf4 18. Nd5 Qh6 19. Nxc7 Ng6 20. Nd5 Qg5 21. Qg3 Qd8 22. Rbd1 Be6 23. f4 Bxd5 24. Rxd5 Qf6 25. c3 Re8 26. e5 dxe5 27. fxe5 Qc6 28. Rxa5 bxa5 29. Bxf7+ Kh8 30. Bxe8 Qxe8 31. Qf3 Kg8 32. Qd5+ Kh8 33. Qf7 Qxf7 34. Rxf7 Kg8 35. e6 Nf8 36. Re7 b5 37. Re8 g5 38. e7 Kg7 39. exf8Q+ Kg6 40. Re6+ Kh5 41. Qf3+ Kh4 42. Rh6# 1-0

[Event "Mostoles op 9th"]
[Site "Mostoles"]
[Date "2018.07.19"]
[Round "3"]
[White "Arauz Alonso, Fernando"]
[Black "Rebollo Palos, Isaac"]
[Result "1/2-1/2"]
[WhiteElo "2118"]
[BlackElo "1838"]
[PlyCount "55"]
[EventDate "2018.07.17"]
[EventType "swiss"]
[EventRounds "9"]
[EventCountry "ESP"]
[SourceTitle "CBM 186 Extra"]
[Source "ChessBase"]
[SourceDate "2018.08.24"]
[SourceVersion "1"]
[SourceVersionDate "2018.08.24"]
[SourceQuality "1"]

1. e4 e5 2. Nf3 Nc6 3. d4 exd4 4. Nxd4 Nf6 5. Nxc6 bxc6 6. e5 Qe7 7. Qe2 Nd5 8. h4 h5 9. Bg5 f6 10. exf6 Qxe2+ 11. Bxe2 Nxf6 12. Nd2 Rb8 13. 0-0-0 d5 14. Rhe1 Kf7 15. f3 Bd6 16. Nf1 Bf5 17. Bd3 Bxd3 18. Rxd3 Rhe8 19. Rde3 Rxe3 20. Bxe3 c5 21. c3 Nd7 22. Kc2 a6 23. Nd2 Bg3 24. Rd1 Bd6 25. Re1 Bg3 26. Rd1 Bd6 27. Re1 Bg3 28. Rd1 1/2-1/2

[Event "Mostoles op 9th"]
[Site "Mostoles"]
[Date "2018.07.17"]
[Round "1"]
[White "Diaz del Prado, Carlos"]
[Black "Rebollo Palos, Isaac"]
[Result "0-1"]
[WhiteElo "1306"]
[BlackElo "1838"]
[PlyCount "72"]
[EventDate "2018.07.17"]
[EventType "swiss"]
[EventRounds "9"]
[EventCountry "ESP"]
[SourceTitle "CBM 186 Extra"]
[Source "ChessBase"]
[SourceDate "2018.08.24"]
[SourceVersion "1"]
[SourceVersionDate "2018.08.24"]
[SourceQuality "1"]

1. d4 d5 2. Nf3 Nf6 3. e3 c6 4. Bd3 e6 5. 0-0 Be7 6. Nbd2 Nbd7 7. Re1 0-0 8. b3 c5 9. c3 b6 10. Bb2 Bb7 11. e4 dxe4 12. Nxe4 Nxe4 13. Bxe4 Bxe4 14. Rxe4 Nf6 15. Re1 Qc7 16. Qc2 b5 17. c4 cxd4 18. Bxd4 bxc4 19. Qxc4 Qxc4 20. bxc4 Nd7 21. Ne5 Nxe5 22. Bxe5 Rfc8 23. Rac1 Rc5 24. f4 Rd8 25. Re4 Rc6 26. Rd4 Bc5 27. Rcd1 Bxd4+ 28. Rxd4 Rxd4 29. Bxd4 Rxc4 30. Bxa7 Ra4 31. Be3 Rxa2 32. h3 h5 33. Kh2 Re2 34. Bd4 h4 35. Kh1 f6 36. Kg1 Re1+ 0-1